00274nam a2200121Ia 4500008004100000100001800041245001800059260003200077300000900109650001000118942000700128999001700135190216s9999||||xx |||||||||||||| ||und|| aPottakadu S K 0aVisha Kanyaka bPoorna Pubs Kozhikodec1986 a246p aNovel cBK c26608d26608